Up in arms pursuing accountability for the arms deal in Parliament (Record no. 205929)

MARC details
000 -LEADER
fixed length control field 00330nam a2200097Ia 4500
082 ## - DEWEY DECIMAL CLASSIFICATION NUMBER
Classification number 364.13230968 TALJ
008 - FIXED-LENGTH DATA ELEMENTS--GENERAL INFORMATION
fixed length control field 210817s9999 xx 000 0 und d
100 ## - MAIN ENTRY--PERSONAL NAME
Personal name Taljaard, Raenette, Auckland Park, [South Africa], 2012
9 (RLIN) 56072
245 #0 - TITLE STATEMENT
Title Up in arms pursuing accountability for the arms deal in Parliament
942 ## - ADDED ENTRY ELEMENTS
item type Books
Holdings
Withdrawn status Lost status Damaged status Not for loan Home library Current library Date acquired Cost, normal purchase price Total Checkouts Barcode Date last seen Price effective from item type
        Siyathuthuka PL (MMID-PLEMA-SIYA) Siyathuthuka PL (MMID-PLEMA-SIYA) 18.08.2021 80.00   33228019920048 18.08.2021 18.08.2021 Books